000 00710nam a2200289Ia 4500
005 20260324130427.0
008 008 260324s9999 xx 000 0 eng d
020 _a9780429241116
037 _aEBOOK
040 _aCRL
040 _beng
040 _cCRL
041 _2eng
041 _aeng
084 _qCRL
100 _aSuzanne Gaskins; Artin Goncu
_91181732
245 0 _aPlay and Development
245 0 _bEvolutionary, Sociocultural, and Functional Perspectives
260 _bTaylor and Francis
260 _c2007
365 _a
365 _b230
856 _uhttp://www.taylorfrancis.com/books/9780429241116
942 _cEBOOK
999 _c1777904
_d1777904